Liechtenstein Country Quiz - Statistics

General Stats
  • This quiz has been taken 1,351 times
  • The average score is 10 of 20
Answer Stats
Hint Answer % Correct
Official language German
97%
Bordering countries Austria
93%
Bordering countries Switzerland
92%
Capital city Vaduz
92%
Mountain range the above is part of Alps
78%
Second most spoken language Italian
73%
Dominant branch of Christianity Roman Catholic
73%
Currency Franc
67%
Only other country that is double-landlocked like Liechtenstein Uzbekistan
59%
Full English country name {Principality} of Liechtenstein
49%
Empire from which the above purchased the land Holy Roman Empire
44%
Longest river Rhine
42%
Royal house of the above Liechtenstein
39%
Most populous city Schaan
29%
Current monarch Hans-Adam II
18%
National anthem the Liechtensteiner anthem sound familiar to God Save the Queen
16%
What the above is named after a Castle
7%
Dialect of the above that is spoken in Liechtenstein Alemannic
7%
Tallest mountain {Grau}spitz
6%
Name for its legislature Landtag
4%
No matching quizzes found
Score Distribution
Percent of People with Each Score
Percentile by Number Answered
Your Score History
You have not taken this quiz